| 000 | 01017nam a22002537a 4500 | ||
|---|---|---|---|
| 999 |
_c58814 _d58814 |
||
| 005 | 20221105205253.0 | ||
| 008 | 220919s2019 enk||||| |||| 00| 0 eng d | ||
| 020 | _a9789352706921 1 | ||
| 041 | _aeng | ||
| 080 | _a612 S-46 | ||
| 100 |
_aSembulingam, K. _98336 |
||
| 245 |
_aEssentials of Medical Physiology / _cK. Sembulingam, Sembulingam, Prema. |
||
| 250 | _aEighth Edition | ||
| 264 |
_aNew Delhi : _bJaypee Brothers Medical Pub, _c2019. |
||
| 300 |
_a1186 p.: _bill.; _c27 cm. |
||
| 653 | _aმედიცინა | ||
| 653 | _aსამედიცინო ფიზიოლოგიის საფუძვლები | ||
| 653 | _aფიზიოლოგია | ||
| 653 | _aмедицина | ||
| 653 | _aОсновы медицинской физиологии | ||
| 700 |
_aSembulingam, Prema _eავტორი _914624 |
||
| 856 |
_uhttps://books.google.ge/books?id=fYhFEAAAQBAJ&printsec=copyright&redir_esc=y#v=onepage&q&f=false _yელ. ვერსია pdf |
||
| 942 |
_2udc _cBK |
||